| 000 | 00594nam a22001817a 4500 | ||
|---|---|---|---|
| 005 | 20231115062315.0 | ||
| 008 | 231115b |||||||| |||| 00| 0 eng d | ||
| 020 | _a9780409118308 ; 9780409122190 | ||
| 041 | _aEnglish | ||
| 082 | _a344.5 INF | ||
| 100 |
_aVan der Merwe, D et al. _lEnglish |
||
| 245 |
_aInformation and Communications Technology Law / _cD Van der Merwe et al. |
||
| 250 | _aSecond Edition | ||
| 260 |
_aDurban : _bLexisNexis (Pty) Ltd, _c2016 |
||
| 300 |
_bxix, 637 pages ; _c25 cm. |
||
| 650 |
_aLegal practice _bLaw |
||
| 942 |
_cBK _6ALISON_BN_VRIES |
||
| 999 |
_c642 _d642 |
||